Catálogo público

Gasto público y economía moral a cinco años del gobierno de la 4T en México / (Record no. 220109)

MARC details
000 -CABECERA
campo de control de longitud fija 02693nam a2200349 a 4500
003 - IDENTIFICADOR DEL NÚMERO DE CONTROL
campo de control OSt
005 - FECHA Y HORA DE LA ÚLTIMA TRANSACCIÓN
campo de control 20240827115726.0
007 - CAMPO FIJO DE DESCRIPCIÓN FÍSICA--INFORMACIÓN GENERAL
campo de control de longitud fija cr ||||||a|c|a
008 - DATOS DE LONGITUD FIJA--INFORMACIÓN GENERAL
campo de control de longitud fija 240827s2024 mx a|||fom||| 001 0 spa d
040 ## - FUENTE DE LA CATALOGACIÓN
Normas de descripción rda
100 1# - ENTRADA PRINCIPAL--NOMBRE DE PERSONA
Nombre de persona Pedro Juárez, Fátima Andrea
9 (RLIN) 189473
245 10 - MENCIÓN DE TÍTULO
Título Gasto público y economía moral a cinco años del gobierno de la 4T en México /
Mención de responsabilidad, etc. por Fátima Andrea Pedro Juárez; director de tesis Jesús Loera Martínez; secretario Daniel Sepulveda Jiménez; vocal José Guadalupe Ramírez Razo; suplente José Samuel Banda Arrieta; suplente Jorge Infante Altamirano.
264 #1 - PRODUCCIÓN, PUBLICACIÓN, DISTRIBUCIÓN, FABRICACIÓN Y COPYRIGHT
Producción, publicación, distribución, fabricación y copyright Chapingo, México :
Nombre del de productor, editor, distribuidor, fabricante El autor,
Fecha de producción, publicación, distribución, fabricación o copyright 2024.
300 ## - DESCRIPCIÓN FÍSICA
Extensión 1 recurso en línea (165 páginas):
Otras características físicas cuadros,figuras.
336 ## - TIPO DE CONTENIDO
Fuente rdacontent
Término de tipo de contenido texto
Código de tipo de contenido txt
337 ## - TIPO DE MEDIO
Fuente rdamedia
Nombre/término del tipo de medio computadora
Código del tipo de medio c
338 ## - TIPO DE SOPORTE
Fuente rdacarrier
Nombre/término del tipo de soporte recurso en línea
Código del tipo de soporte cr
502 ## - NOTA DE TESIS
Tipo de título Ingeniería en Economía Agrícola
Nombre de la institución que otorga el título División de Ciencias Económico Administrativas,
Año de obtención del título 2024.
Información miscelánea Licenciatura
504 ## - NOTA DE BIBLIOGRAFÍA, ETC.
Nota de bibliografía, etc. Incluye referencias bibliográficas: páginas 140-154.
520 ## - SUMARIO, ETC.
Sumario, etc. En el 2018, después de varios años de estar en campaña, llegó a la presidencia de México López Obrador, con una aparente moralización económica, planteada en su libro “Hacia una economía moral”. Esta investigación analiza la pertinencia del concepto y también el gasto público del período 2015 a 2023. Se concluyó que “economía moral” es una confusión conceptual ya que, de acuerdo con Poincaré, no puede haber moral científica, pero tampoco puede haber ciencia inmoral. Esto sin considerar la escandalosa corrupción de la familia presidencial y del gabinete de la 4T. Por otra parte, al comparar el Gasto Público de cuatro años de gobierno de Peña Nieto con cinco de López Obrador, se concluyó que la 4T en lugar de transformar al país lo terminó destruyendo, al reducir el porcentaje promedio de gasto público en educación, en salud, en agricultura y ganadería, en ciencia y tecnología y desmantelaron instituciones y programas que eran exitosos, además aumentó la inseguridad nacional y la deuda pública.
650 #4 - PUNTO DE ACCESO ADICIONAL DE MATERIA--TÉRMINO DE MATERIA
Término de materia o nombre geográfico como elemento de entrada Gasto público
Subdivisión geográfica México
9 (RLIN) 47253
650 #4 - PUNTO DE ACCESO ADICIONAL DE MATERIA--TÉRMINO DE MATERIA
Término de materia o nombre geográfico como elemento de entrada Políticas públicas
9 (RLIN) 146273
650 #4 - PUNTO DE ACCESO ADICIONAL DE MATERIA--TÉRMINO DE MATERIA
Término de materia o nombre geográfico como elemento de entrada Gobierno federal
Subdivisión geográfica México
9 (RLIN) 48409
650 #4 - PUNTO DE ACCESO ADICIONAL DE MATERIA--TÉRMINO DE MATERIA
Término de materia o nombre geográfico como elemento de entrada Neoliberalismo
Subdivisión general Aspectos sociales
Subdivisión geográfica México
9 (RLIN) 137126
700 1# - PUNTO DE ACCESO ADICIONAL--NOMBRE DE PERSONA
Nombre de persona Loera Martínez, Jesús
9 (RLIN) 67447
Término indicativo de función/relación Director de tesis.
700 1# - PUNTO DE ACCESO ADICIONAL--NOMBRE DE PERSONA
Nombre de persona Sepúlveda Jiménez, Daniel
9 (RLIN) 104482
Término indicativo de función/relación Secretario.
700 1# - PUNTO DE ACCESO ADICIONAL--NOMBRE DE PERSONA
Nombre de persona Ramírez Razo, José Guadalupe
9 (RLIN) 94213
Término indicativo de función/relación Vocal.
700 1# - PUNTO DE ACCESO ADICIONAL--NOMBRE DE PERSONA
Nombre de persona Banda Arrieta, José Samuel
9 (RLIN) 9930
Término indicativo de función/relación Suplente.
700 1# - PUNTO DE ACCESO ADICIONAL--NOMBRE DE PERSONA
Nombre de persona Infante Altamirano, Jorge
9 (RLIN) 58049
Término indicativo de función/relación Suplente.
856 ## - LOCALIZACIÓN Y ACCESO ELECTRÓNICOS
Nota pública DESCARGAR PDF
Identificador Uniforme del Recurso http://10.13.5.2/tesis/tl/1411897-6_PEDRO_JUAREZ_FATIMAANDREA.pdf
942 ## - ELEMENTOS DE PUNTO DE ACCESO ADICIONAL (KOHA)
Fuente del sistema de clasificación o colocación Clasificación Universidad Autónoma Chapingo
Tipo de ítem Koha Tesis digital
Holdings
Estado de retiro Estado de pérdida Fuente del sistema de clasificación o colocación Estado dañado Restricciones de uso No para préstamo Código de colección Localización permanente Ubicación/localización actual Ubicación en estantería Fecha de adquisición Total de préstamos Signatura topográfica completa Fecha visto por última vez Precio válido a partir de Tipo de ítem Koha
    Clasificación Universidad Autónoma de Chapingo   Préstamo interno   Tesis digitales de Licenciatura Biblioteca Digital Biblioteca Digital En línea 27/08/2024   Tesis digital 27/08/2024 27/08/2024 Tesis digital